Листовка. "Товарищи! Еще несколько дней и настанет время выборов в первый русский парламент..." (Обращение группы приказчиков - ...

Доступно только в Электронных читальных залах Найти на картеНа карте
RUSMARC
00005176nac2a22003251x 450
001d57a78ad-b0b1-4e8f-be75-266f7f1b0f6c
00520131126172024.0
100##$a20130529l1905 k y0rusy50 ca
1010#$arus
102##$aRU
105##$ay z |||||
2001#$aЛистовка. "Товарищи! Еще несколько дней и настанет время выборов в первый русский парламент..." (Обращение группы приказчиков - членов кадетской партии к приказчикам и служащим в торгово-промышленных предприятиях с призывом голосовать за список кандидатов от кадетской партии). "Товарищи! Приближаются выборы..."
$j[1906]
215##$a19 листов
251##$cДело
300##$aЗаголовок дела на папке: Петербургский комитет партии "Народной свободы". Предвыборная листовка кадетской партии к служащим в торгово-промышленных заведениях и ко всем представителям труда. "Россия готовится к выборам в Государственную думу..." [с изложением предвыборной платформы партии и критикой торгово-промышленного союза и партии, с призывом присоединяться к партии]
300##$aДаны петербургские адреса районных бюро партии
300##$aОтпечатано в электропечатне Я. Левенштейна в С.-Петербурге
300##$a19 экземпляров
300##$aЛисты 7, 13: надорваны
300##$aДокументы напечатаны типографским способом
330##$aIV. Предвыборные листовки, афиши, объявления кадетской партии; списки кандидатов в Государственную Думу и Учредительное собрание
461#0$10011d649a3b-ccdf-484e-a423-ec64c785c8ed
$12001
$aПартия народной свободы (кадеты)
$1251
$cФонд
$1852
$j523
462#0$10018b9e8422-dd9e-4ea7-b938-3dc971685134
$12001
$aПартия народной свободы (кадеты). 1905-1917 гг.
$1251
$cОпись
$1852
$j2
517##$aПетербургский комитет партии "Народной свободы". Предвыборная листовка кадетской партии к служащим в торгово-промышленных заведениях и ко всем представителям труда. "Россия готовится к выборам в Государственную думу..." [с изложением предвыборной платформы партии и критикой торгово-промышленного союза и партии, с призывом присоединяться к партии]
60102$3RU\NLR\AUTH\661232767
$aКонституционно-демократическая партия
60102$aПартия Народной Свободы. Петербургский комитет
60101$3RU\NLR\AUTH\8810039162
$aРоссия
$bГосударственная Дума
801#0$aRU
$bGA_RF
801#1$aRU
$bНПО Опыт
$c20130529
$2rusmarc
801#2$aRU
$bПБ им. Б.Н. Ельцина
$c20131126
$gRCR
$2rusmarc
852##$aГА РФ
$j169
937##$d42062659
$hПБ
035##$aRuPRLIB51000060
Формат отображения